| 000 | 00934nam a22002537a 4500 | ||
|---|---|---|---|
| 999 |
_c746 _d746 |
||
| 001 | 13262 | ||
| 003 | BD-DhUAP | ||
| 005 | 20200127141428.0 | ||
| 008 | 200127s2009 bg b 000 0 eng | ||
| 020 | _a9847009000317 | ||
| 040 |
_aDLC _cDLC _dBD-DhUAP _bEng |
||
| 082 |
_223 _a345.540235 POS |
||
| 245 | 0 | 0 |
_aPost-conflict justice, peace, and human rights / _cEdited by Mizanur Rahman. |
| 260 |
_aDhaka : _bEmpowerment Through Law of the Common People & Palal Prokashoni, _cc2009. |
||
| 300 |
_axi, 313 pages ; _c26 cm. |
||
| 504 | _aIncludes bibliographical references. | ||
| 520 | _aContributed paper chiefly with reference to Bangladesh; papers invited for Human Rights Summer School in 2009. | ||
| 650 | 0 |
_aCrimes against humanity _zBangladesh. |
|
| 650 | 0 |
_aWar crimes _zBangladesh. |
|
| 650 | 0 |
_aHuman rights _zBangladesh. |
|
| 651 | 0 |
_aBangladesh _xHistory _yRevolution, 1971. |
|
| 700 | 1 | _aRahman, Mizanur. | |
| 942 |
_2ddc _cBK |
||